Formuła 1 - zwycięzcy GP 2000-2025 - Statystyki

Ogólne statystyki
  • Ten quiz został rozwiązany 4 343 razy
    1 532 od ostatniego zresetowania
  • Średni wynik to 20 z 30
Statystyki odpowiedzi
Ilość wygranych
(od 2000)
Państwo Kierowca % Poprawnych
105 Wielka Brytania Lewis Hamilton
99%
67 Holandia Max Verstappen
99%
32 Hiszpania Fernando Alonso
95%
1 Polska Robert Kubica
93%
8 Monako Charles Leclerc
92%
56 Niemcy Michael Schumacher
92%
6 Niemcy Ralf Schumacher
92%
53 Niemcy Sebastian Vettel
90%
9 Wielka Brytania Lando Norris
86%
21 Finlandia Kimi Raikkonen
85%
9 Australia Oscar Piastri
84%
23 Niemcy Nico Rosberg
80%
6 Meksyk Sergio Perez
79%
10 Finlandia Valtteri Bottas
77%
4 Hiszpania Carlos Sainz
71%
8 Australia Daniel Ricciardo
69%
4 Wielka Brytania George Russell
69%
1 Francja Pierre Gasly
67%
11 Brazylia Felipe Massa
64%
15 Wielka Brytania Jenson Button
63%
1 Francja Esteban Ocon
61%
9 Australia Mark Webber
57%
6 Finlandia Mika Hakkinen
53%
11 Brazylia Rubens Barrichello
42%
7 Kolumbia Juan Pablo Montoya
41%
1 Wenezuela Pastor Maldonado
39%
1 Finlandia Heikki Kovalainen
27%
3 Włochy Giancarlo Fisichella
21%
7 Wielka Brytania David Coulthard
20%
1 Włochy Jarno Trulli
20%
Nie znaleziono quizów pasujących do podanych kryteriów
Rozkład punktacji
Procent ludzi z każdym wynikiem
Percentyl według liczby udzielonych odpowiedzi
Twoja historia wyników
Nie rozwiązałeś tego quizu od ostatniego zresetowania